00261nam a2200109Ia 4500008004100000082001000041100003700051245001400088260002100102630001400123730001400137100328s9999 xx 000 0 und d b72721 aतिबिले अनंत. aधडक bसुकृत. aधडक aधडक